[Event "Winnipeg TNT March op"]
[Site "Winnipeg"]
[Date "2008.03.18"]
[Round "3"]
[White "Kernetsky, Myron"]
[Black "Rumpel, Chris"]
[Result "1/2-1/2"]
[WhiteElo "1902"]
[BlackElo "1754"]
[PlyCount "48"]
[EventDate "2008.03.04"]
[EventType "swiss"]
[EventRounds "4"]
[EventCountry "CAN"]
[SourceTitle "EXT 2011"]
[Source "ChessBase"]
[SourceDate "2010.11.26"]
[SourceVersion "1"]
[SourceVersionDate "2010.11.26"]
[SourceQuality "1"]

1. d4 d5 2. c4 c6 3. Nc3 Nf6 4. e3 a6 5. a4 Nbd7 6. Nf3 e6 7. Bd3 Bd6 8. 0-0 e5 9. e4 dxe4 10. Nxe4 Nxe4 11. Bxe4 exd4 12. Qxd4 Nf6 13. Bc2 0-0 14. Bg5 Be7 15. Qc3 Ne4 16. Bxe4 Bxg5 17. Rad1 Qf6 18. Qc2 g6 19. Nxg5 Qxg5 20. Qc3 Bf5 21. f4 Qh5 22. Bf3 Qh6 23. g3 Qg7 24. Qxg7+ Kxg7 1/2-1/2

[Event "Winnipeg GP final-C"]
[Site "Winnipeg"]
[Date "2006.11.14"]
[Round "2"]
[White "Rumpel, Chris"]
[Black "Kwiatek, Jordan"]
[Result "0-1"]
[WhiteElo "1660"]
[BlackElo "1897"]
[PlyCount "68"]
[EventDate "2006.11.07"]
[EventType "tourn"]
[EventRounds "6"]
[EventCountry "CAN"]
[SourceTitle "EXT 2019"]
[Source "ChessBase"]
[SourceDate "2018.10.10"]
[SourceVersion "1"]
[SourceVersionDate "2018.10.10"]
[SourceQuality "1"]

1. d4 Nf6 2. Nf3 g6 3. c4 Bg7 4. Nc3 0-0 5. e4 d6 6. Be2 Na6 7. 0-0 c5 8. d5 e5 9. Ne1 Nd7 10. f4 exf4 11. Bxf4 Qe7 12. Nf3 Nc7 13. Qd2 Re8 14. Rae1 h6 15. e5 Nxe5 16. Nxe5 Bxe5 17. Bxe5 Qxe5 18. Bg4 Qd4+ 19. Qxd4 cxd4 20. Ne4 Bxg4 21. Nf6+ Kg7 22. Rxe8 Nxe8 23. Nxg4 f5 24. Nf2 Nf6 25. Rd1 Re8 26. Kf1 b5 27. b3 bxc4 28. bxc4 Rb8 29. Ke2 Rb2+ 30. Rd2 Rxd2+ 31. Kxd2 Ne4+ 32. Ke2 Nxf2 33. Kxf2 Kf6 34. Ke2 g5 0-1

[Event "Yanofsky Memorial op"]
[Site "Winnipeg"]
[Date "2006.09.03"]
[Round "4"]
[White "Rumpel, Chris"]
[Black "Boron, Anthony"]
[Result "0-1"]
[WhiteElo "1657"]
[BlackElo "1966"]
[PlyCount "72"]
[EventDate "2006.09.01"]
[EventType "swiss"]
[EventRounds "5"]
[EventCountry "CAN"]
[SourceTitle "EXT 2007"]
[Source "ChessBase"]
[SourceDate "2006.11.23"]
[SourceVersion "1"]
[SourceVersionDate "2006.11.23"]
[SourceQuality "1"]

1. d4 d5 2. c4 e5 3. dxe5 d4 4. Nf3 Nc6 5. e3 Bb4+ 6. Bd2 dxe3 7. fxe3 Bg4 8. Be2 Nge7 9. a3 Bxd2+ 10. Nbxd2 Ng6 11. 0-0 0-0 12. Qb3 Ncxe5 13. Rad1 Qe7 14. Ne4 b6 15. Qc3 Rae8 16. Rde1 Nc6 17. Nfd2 Bxe2 18. Rxe2 Nce5 19. Ng3 c5 20. Nf5 Qd8 21. e4 Qd3 22. Re3 Qxc3 23. Rxc3 Rd8 24. Nf3 Rfe8 25. Nxe5 Rxe5 26. Ng3 Rd4 27. Re1 Nf4 28. Rf3 g5 29. b3 Rd2 30. Rf2 Rxf2 31. Kxf2 Nd3+ 32. Ke2 Nxe1 33. Kxe1 h5 34. Nxh5 Rxe4+ 35. Kf2 Rd4 36. Ke3 Rd1 0-1

[Event "Yanofsky Memorial op"]
[Site "Winnipeg"]
[Date "2006.09.02"]
[Round "3"]
[White "Klokow, John"]
[Black "Rumpel, Chris"]
[Result "1/2-1/2"]
[WhiteElo "1741"]
[BlackElo "1657"]
[PlyCount "56"]
[EventDate "2006.09.01"]
[EventType "swiss"]
[EventRounds "5"]
[EventCountry "CAN"]
[SourceTitle "EXT 2007"]
[Source "ChessBase"]
[SourceDate "2006.11.23"]
[SourceVersion "1"]
[SourceVersionDate "2006.11.23"]
[SourceQuality "1"]

1. e4 e6 2. Qe2 c5 3. g3 Nc6 4. c3 d5 5. Bg2 Nf6 6. e5 Nd7 7. f4 f6 8. exf6 Nxf6 9. Nf3 Bd6 10. 0-0 0-0 11. d3 Qc7 12. Na3 a6 13. Nc2 e5 14. fxe5 Nxe5 15. Nxe5 Bxe5 16. Bg5 Bg4 17. Bxd5+ Kh8 18. Bf3 Rae8 19. Qg2 Bf5 20. Rad1 Rd8 21. Bxf6 Bxf6 22. Be4 Bg4 23. Rd2 Qd7 24. Re1 Bg5 25. Rf2 Bh3 26. Rxf8+ Rxf8 27. Qe2 Qf7 28. Bg2 Bg4 1/2-1/2

[Event "Winnipeg TNT May op"]
[Site "Winnipeg"]
[Date "2006.05.30"]
[Round "5"]
[White "Reimer, Bruce"]
[Black "Rumpel, Chris"]
[Result "0-1"]
[WhiteElo "1505"]
[BlackElo "1607"]
[PlyCount "46"]
[EventDate "2006.05.02"]
[EventType "swiss"]
[EventRounds "5"]
[EventCountry "CAN"]
[SourceTitle "EXT 2019"]
[Source "ChessBase"]
[SourceDate "2018.10.10"]
[SourceVersion "1"]
[SourceVersionDate "2018.10.10"]
[SourceQuality "1"]

1. e4 e6 2. d4 d5 3. exd5 exd5 4. Nf3 Bf5 5. c4 c6 6. Nc3 Nf6 7. Bg5 Be7 8. cxd5 cxd5 9. Bb5+ Nc6 10. Ne5 Qc7 11. Bxf6 gxf6 12. Nxd5 Qa5+ 13. Nc3 fxe5 14. d5 Bb4 15. Bxc6+ bxc6 16. 0-0 Bxc3 17. bxc3 Qxd5 18. Qh5 Bg6 19. Qg5 Rd8 20. Rfe1 e4 21. Qg4 Bh5 22. Rxe4+ Kf8 23. Rd4 Bxg4 0-1

[Event "Winnipeg TNT May op"]
[Site "Winnipeg"]
[Date "2006.05.02"]
[Round "1"]
[White "Rumpel, Chris"]
[Black "Gibson, Fred"]
[Result "1-0"]
[WhiteElo "1607"]
[BlackElo "1187"]
[PlyCount "49"]
[EventDate "2006.05.02"]
[EventType "swiss"]
[EventRounds "5"]
[EventCountry "CAN"]
[SourceTitle "EXT 2007"]
[Source "ChessBase"]
[SourceDate "2006.11.23"]
[SourceVersion "1"]
[SourceVersionDate "2006.11.23"]
[SourceQuality "1"]

1. d4 d5 2. c4 c6 3. Nc3 Nf6 4. Nf3 e6 5. Bg5 Nbd7 6. e3 Be7 7. h3 h6 8. Bh4 0-0 9. Bd3 c5 10. cxd5 exd5 11. dxc5 Re8 12. b4 Nf8 13. 0-0 Bd7 14. Rc1 a6 15. Bxf6 Bxf6 16. Nxd5 Bb5 17. Re1 Bxd3 18. Qxd3 g6 19. Nxf6+ Qxf6 20. Qd4 Kg7 21. Qxf6+ Kxf6 22. c6 b6 23. a4 Re4 24. Red1 Rxb4 25. c7 1-0

[Event "Winnipeg TNT April op"]
[Site "Winnipeg"]
[Date "2006.04.04"]
[Round "1"]
[White "Rumpel, Chris"]
[Black "Lauritson, Jim"]
[Result "1-0"]
[WhiteElo "1571"]
[BlackElo "1894"]
[PlyCount "87"]
[EventDate "2006.04.04"]
[EventType "swiss"]
[EventRounds "4"]
[EventCountry "CAN"]
[SourceTitle "EXT 2007"]
[Source "ChessBase"]
[SourceDate "2006.11.23"]
[SourceVersion "1"]
[SourceVersionDate "2006.11.23"]
[SourceQuality "1"]

1. d4 Nf6 2. c4 e6 3. Nc3 Bb4 4. Qc2 d5 5. a3 Be7 6. Nf3 c6 7. e4 dxe4 8. Nxe4 Nbd7 9. Bd3 Nxe4 10. Bxe4 Nf6 11. Bd3 0-0 12. 0-0 b6 13. Rd1 Bb7 14. c5 h6 15. h3 Qd5 16. b4 Rfd8 17. Ne5 a5 18. Be3 bxc5 19. bxc5 Rdb8 20. Rab1 Qd8 21. Bf4 Nd5 22. Bg3 Bg5 23. f4 Ne3 24. Bh7+ Kf8 25. Qf2 Nxd1 26. Rxd1 Bf6 27. Ng4 g6 28. f5 exf5 29. Nxf6 Qxf6 30. Bd6+ Ke8 31. Re1+ Kd7 32. Re7+ Qxe7 33. Bxe7 Kxe7 34. Qe3+ Kd7 35. Qxh6 Ba6 36. Qg7 Bc4 37. Bxg6 Re8 38. Bxf5+ Kc7 39. Qg3+ Kb7 40. Qc3 Bb5 41. Qb3 a4 42. Qxf7+ Ka6 43. Be4 Rxe4 44. Qc7 1-0

[Event "Winnipeg TNT March op"]
[Site "Winnipeg"]
[Date "2006.03.07"]
[Round "1"]
[White "Rumpel, Chris"]
[Black "Gibson, Fred"]
[Result "1-0"]
[WhiteElo "1583"]
[BlackElo "1110"]
[PlyCount "95"]
[EventDate "2006.03.07"]
[EventType "swiss"]
[EventRounds "4"]
[EventCountry "CAN"]
[SourceTitle "EXT 2007"]
[Source "ChessBase"]
[SourceDate "2006.11.23"]
[SourceVersion "1"]
[SourceVersionDate "2006.11.23"]
[SourceQuality "1"]

1. Nf3 d5 2. d3 Nf6 3. Nbd2 Nc6 4. g3 e5 5. Bg2 Be7 6. e4 Be6 7. 0-0 0-0 8. Qe2 d4 9. c3 Bc5 10. Ng5 Re8 11. Nxe6 Rxe6 12. Kh1 Bb6 13. h4 h5 14. Bh3 Ng4 15. Bxg4 hxg4 16. Nc4 Bc5 17. Bg5 Be7 18. Bxe7 Qxe7 19. Qxg4 Qf6 20. f4 Qg6 21. Qh3 Qh6 22. f5 Ree8 23. g4 f6 24. Rg1 Kf7 25. g5 Qh5 26. Rg4 Rh8 27. gxf6 gxf6 28. cxd4 Nxd4 29. Rag1 Rag8 30. Rxg8 Rxg8 31. Rxg8 Kxg8 32. Qg3+ Kf8 33. Ne3 Qf3+ 34. Qxf3 Nxf3 35. Nd5 Kg7 36. Nxc7 a6 37. Ne6+ Kh6 38. Nc5 Ne1 39. a3 Kh5 40. Nxb7 Kxh4 41. Nc5 Kg3 42. b4 Kf3 43. Nd7 Nxd3 44. Nxf6 Nf2+ 45. Kh2 Nd3 46. Nd5 Kxe4 47. f6 Kf5 48. f7 1-0

[Event "Winnipeg TNT February op"]
[Site "Winnipeg"]
[Date "2006.02.28"]
[Round "4"]
[White "Rumpel, Chris"]
[Black "Reimer, Bruce"]
[Result "1-0"]
[WhiteElo "1559"]
[BlackElo "1494"]
[PlyCount "51"]
[EventDate "2006.02.07"]
[EventType "swiss"]
[EventRounds "4"]
[EventCountry "CAN"]
[SourceTitle "EXT 2007"]
[Source "ChessBase"]
[SourceDate "2006.11.23"]
[SourceVersion "1"]
[SourceVersionDate "2006.11.23"]
[SourceQuality "1"]

1. Nf3 Nf6 2. g3 d5 3. Bg2 b6 4. d3 e6 5. Nbd2 Bb7 6. 0-0 Be7 7. Re1 0-0 8. c3 c5 9. e4 dxe4 10. Ng5 Qxd3 11. Ngxe4 Nxe4 12. Rxe4 Qd7 13. Qc2 Bxe4 14. Qxe4 Na6 15. Qe2 Nc7 16. Bxa8 Rxa8 17. Nf3 Rd8 18. Bg5 Bxg5 19. Nxg5 Qd2 20. Qh5 Qxb2 21. Qxf7+ Kh8 22. Re1 Nd5 23. Qxe6 Nc7 24. Nf7+ Kg8 25. Nh6+ Kh8 26. Qg8+ 1-0

[Event "Winnipeg February Sect-C"]
[Site "Winnipeg"]
[Date "2006.02.11"]
[Round "3"]
[White "Rumpel, Chris"]
[Black "Wood, Nathaniel"]
[Result "1-0"]
[WhiteElo "1559"]
[BlackElo "1595"]
[PlyCount "60"]
[EventDate "2006.02.10"]
[EventType "tourn"]
[EventRounds "5"]
[EventCountry "CAN"]
[SourceTitle "EXT 2007"]
[Source "ChessBase"]
[SourceDate "2006.11.23"]
[SourceVersion "1"]
[SourceVersionDate "2006.11.23"]
[SourceQuality "1"]

1. d4 Nf6 2. c4 g6 3. Nc3 d5 4. cxd5 Nxd5 5. e4 Nxc3 6. bxc3 c5 7. Bc4 Bg7 8. Ne2 0-0 9. 0-0 cxd4 10. cxd4 Nc6 11. Be3 a6 12. a4 Bg4 13. f3 Bd7 14. d5 Ne5 15. Bb3 b5 16. Kh1 Nc4 17. Bf4 Bxa1 18. Qxa1 f6 19. Bh6 Rf7 20. Nd4 Qb6 21. Rc1 f5 22. axb5 g5 23. Bxg5 Qg6 24. Bxe7 fxe4 25. Bxc4 exf3 26. Nxf3 Qe4 27. Ng5 Qxe7 28. Nxf7 Qxf7 29. d6 Be6 30. Rf1 Qg6 1-0

[Event "Winnipeg TNT February op"]
[Site "Winnipeg"]
[Date "2006.02.07"]
[Round "1"]
[White "Rumpel, Chris"]
[Black "Cleto, Sam"]
[Result "1/2-1/2"]
[WhiteElo "1559"]
[BlackElo "1822"]
[PlyCount "23"]
[EventDate "2006.02.07"]
[EventType "swiss"]
[EventRounds "4"]
[EventCountry "CAN"]
[SourceTitle "EXT 2007"]
[Source "ChessBase"]
[SourceDate "2006.11.23"]
[SourceVersion "1"]
[SourceVersionDate "2006.11.23"]
[SourceQuality "1"]

1. Nf3 Nf6 2. g3 g6 3. Bg2 Bg7 4. 0-0 0-0 5. d3 d6 6. e4 Bg4 7. h3 Bd7 8. Nbd2 Qc8 9. Kh2 Nc6 10. c3 a5 11. Nc4 b5 12. e5 1/2-1/2

[Event "Winnipeg TNT April op"]
[Site "Winnipeg"]
[Date "2005.04.12"]
[Round "2"]
[White "Gibson, Fred"]
[Black "Rumpel, Chris"]
[Result "0-1"]
[WhiteElo "1207"]
[BlackElo "1466"]
[PlyCount "38"]
[EventDate "2005.04.05"]
[EventType "swiss"]
[EventRounds "4"]
[EventCountry "CAN"]
[SourceTitle "EXT 2006"]
[Source "ChessBase"]
[SourceDate "2005.11.24"]
[SourceVersion "1"]
[SourceVersionDate "2005.11.24"]
[SourceQuality "1"]

1. d4 Nf6 2. c4 g6 3. Nc3 Bg7 4. e4 d6 5. Be2 0-0 6. Bf3 e5 7. d5 c6 8. Nge2 Bg4 9. Bxg4 Nxg4 10. 0-0 Qe7 11. Ng3 Nh6 12. Be3 Nd7 13. f3 f5 14. f4 exf4 15. Rxf4 Be5 16. Qf3 Bxf4 17. Qxf4 Ng4 18. h3 Nxe3 19. Qxe3 f4 0-1

[Event "Winnipeg TNT March op"]
[Site "Winnipeg"]
[Date "2005.03.01"]
[Round "1"]
[White "Rumpel, Chris"]
[Black "Zaczek, Jonathon"]
[Result "0-1"]
[WhiteElo "1426"]
[BlackElo "2024"]
[PlyCount "92"]
[EventDate "2005.03.01"]
[EventType "swiss"]
[EventRounds "4"]
[EventCountry "CAN"]
[SourceTitle "EXT 2006"]
[Source "ChessBase"]
[SourceDate "2005.11.24"]
[SourceVersion "1"]
[SourceVersionDate "2005.11.24"]
[SourceQuality "1"]

1. Nf3 Nf6 2. g3 g6 3. Bg2 Bg7 4. 0-0 0-0 5. d3 d6 6. c4 c5 7. Nc3 Nc6 8. a3 Ne8 9. Qc2 Bg4 10. Rb1 a5 11. Nd5 e6 12. Ne3 Bxf3 13. Bxf3 Nd4 14. Qd1 Nxf3+ 15. exf3 Nc7 16. Qb3 Qb8 17. f4 b5 18. cxb5 Nxb5 19. Nc2 Nd4 20. Nxd4 Bxd4 21. Qc2 Rc8 22. Bd2 Qb7 23. Bc3 Bg7 24. Bxg7 Kxg7 25. Qc3+ Kg8 26. b3 Qa6 27. h4 h5 28. a4 Rab8 29. Qc4 Qxc4 30. dxc4 Rb4 31. Rfd1 Rc6 32. Rd2 Rcb6 33. Rdb2 Kf8 34. Kf1 Ke7 35. Ke2 d5 36. cxd5 exd5 37. Kd3 c4+ 38. Kc3 cxb3 39. Rxb3 Rxb3+ 40. Rxb3 Rxb3+ 41. Kxb3 f5 42. Kc3 Kd7 43. f3 Kc6 44. Kd4 Kd6 45. g4 hxg4 46. fxg4 fxg4 0-1

[Event "Winnipeg TNT Febr op"]
[Site "Winnipeg"]
[Date "2005.02.01"]
[Round "1"]
[White "Lauritson, Jim"]
[Black "Rumpel, Chris"]
[Result "1/2-1/2"]
[WhiteElo "1908"]
[BlackElo "1416"]
[PlyCount "105"]
[EventDate "2005.02.01"]
[EventType "swiss"]
[EventRounds "4"]
[EventCountry "CAN"]
[SourceTitle "EXT 2006"]
[Source "ChessBase"]
[SourceDate "2005.11.24"]
[SourceVersion "1"]
[SourceVersionDate "2005.11.24"]
[SourceQuality "1"]

1. e4 e6 2. d3 d5 3. Nd2 c5 4. Ngf3 Nc6 5. g3 Bd6 6. Bg2 Nge7 7. 0-0 b5 8. Re1 Qc7 9. Nf1 0-0 10. h4 Bb7 11. N1h2 Rad8 12. Qe2 dxe4 13. dxe4 c4 14. Be3 Ng6 15. Ng4 a6 16. Red1 Nge5 17. Ngxe5 Nxe5 18. Ng5 Bc5 19. Bf4 h6 20. Nh3 Bd6 21. Rd2 c3 22. bxc3 Qxc3 23. Rad1 Qc7 24. Kh2 Nc4 25. Bxd6 Rxd6 26. Rxd6 Nxd6 27. Qd3 Nc4 28. Qd7 Qc6 29. Nf4 Ne5 30. Qxc6 Bxc6 31. Rd6 Rc8 32. Ne2 Bb7 33. c3 Kf8 34. Kg1 Ke7 35. Rd1 Rc7 36. Kf1 Rc4 37. Rd4 g5 38. hxg5 hxg5 39. Rxc4 Nxc4 40. Ke1 g4 41. Nd4 f5 42. Nxe6 Bxe4 43. Bxe4 Kxe6 44. Bb7 a5 45. Ke2 Ke5 46. Kd3 Nd6 47. Bc6 Ne4 48. Bxe4 fxe4+ 49. Ke3 b4 50. cxb4 axb4 51. Ke2 Kd4 52. Kd2 Kc4 53. Kc2 1/2-1/2

[Event "Winnipeg TNT Jan op"]
[Site "Winnipeg"]
[Date "2005.01.25"]
[Round "4"]
[White "Rumpel, Chris"]
[Black "Greenberg, Harley"]
[Result "0-1"]
[WhiteElo "1408"]
[BlackElo "1740"]
[PlyCount "92"]
[EventDate "2005.01.04"]
[EventType "swiss"]
[EventRounds "4"]
[EventCountry "CAN"]
[SourceTitle "EXT 2006"]
[Source "ChessBase"]
[SourceDate "2005.11.24"]
[SourceVersion "1"]
[SourceVersionDate "2005.11.24"]
[SourceQuality "1"]

1. e4 c5 2. Nf3 d6 3. d4 cxd4 4. Nxd4 Nf6 5. Nc3 a6 6. Bc4 e6 7. Bg5 Be7 8. a4 0-0 9. 0-0 Qc7 10. Qe2 Nc6 11. Nf3 b6 12. Rad1 Bb7 13. h3 Na5 14. Bd3 Rfc8 15. Qd2 Nc4 16. Qc1 Nxb2 17. Qxb2 Qxc3 18. Qxb6 Rab8 19. Bxf6 Bxf6 20. Bxa6 Bxe4 21. Qxd6 Rd8 22. Qf4 Bxc2 23. Rc1 e5 24. Rxc2 Qxc2 25. Qc4 Qxc4 26. Bxc4 e4 27. Ne1 Rb2 28. Kh1 Bc3 29. Kg1 Rd1 30. Nf3 Rxf1+ 31. Kxf1 exf3 32. gxf3 Bd4 33. Kg2 h5 34. f4 h4 35. Kf3 Rxf2+ 36. Ke4 Bb6 37. f5 Bc7 38. Bb5 Rf4+ 39. Kd5 Rxf5+ 40. Kc6 Ba5 41. Kb7 Rf3 42. Ka6 Bb4 43. Bd7 g6 44. Kb5 Bc3 45. a5 Bxa5 46. Kxa5 f5 0-1

[Event "Winnipeg TNT Jan op"]
[Site "Winnipeg"]
[Date "2005.01.11"]
[Round "2"]
[White "Czarny, Keith"]
[Black "Rumpel, Chris"]
[Result "1-0"]
[WhiteElo "1651"]
[BlackElo "1408"]
[PlyCount "107"]
[EventDate "2005.01.04"]
[EventType "swiss"]
[EventRounds "4"]
[EventCountry "CAN"]
[SourceTitle "EXT 2006"]
[Source "ChessBase"]
[SourceDate "2005.11.24"]
[SourceVersion "1"]
[SourceVersionDate "2005.11.24"]
[SourceQuality "1"]

1. Nf3 Nf6 2. g3 c5 3. Bg2 d5 4. 0-0 Nc6 5. d3 e5 6. Bg5 Be7 7. Nbd2 h6 8. Bxf6 Bxf6 9. c4 d4 10. Ne4 Be7 11. Ne1 0-0 12. Nc2 Bf5 13. Rc1 Bh7 14. e3 f5 15. Nd2 e4 16. dxe4 fxe4 17. Nxe4 Re8 18. exd4 Bf8 19. Re1 cxd4 20. Nd2 Qb6 21. Nb3 d3 22. Ne3 Rad8 23. Nd5 Rxe1+ 24. Qxe1 Bb4 25. Qe6+ Kh8 26. Nxb6 d2 27. Nxd2 Bxd2 28. Ra1 axb6 29. h4 Bg8 30. Qe2 Nd4 31. Qxd2 Nf3+ 32. Bxf3 Rxd2 33. b3 Rd7 34. Rd1 Rf7 35. Kg2 Re7 36. Rd8 Kh7 37. Rb8 Be6 38. Be4+ g6 39. Rxb7 Rxb7 40. Bxb7 Bf5 41. a3 Bc2 42. b4 Kg7 43. Kf3 Kf6 44. Be4 Bb3 45. c5 bxc5 46. bxc5 Bd1+ 47. Ke3 g5 48. hxg5+ hxg5 49. f4 g4 50. Bd3 Ba4 51. Kd4 Bd7 52. Kd5 Be6+ 53. Kd6 Bc8 54. Bb5 1-0

[Event "Winnipeg TNT Jan op"]
[Site "Winnipeg"]
[Date "2005.01.04"]
[Round "1"]
[White "Zaczek, Jonathon"]
[Black "Rumpel, Chris"]
[Result "1-0"]
[WhiteElo "1920"]
[BlackElo "1408"]
[PlyCount "125"]
[EventDate "2005.01.04"]
[EventType "swiss"]
[EventRounds "4"]
[EventCountry "CAN"]
[SourceTitle "EXT 2006"]
[Source "ChessBase"]
[SourceDate "2005.11.24"]
[SourceVersion "1"]
[SourceVersionDate "2005.11.24"]
[SourceQuality "1"]

1. e4 e6 2. d4 d5 3. Nc3 Bb4 4. e5 c5 5. a3 Bxc3+ 6. bxc3 Qc7 7. Qg4 Ne7 8. Qxg7 Rg8 9. Qxh7 cxd4 10. Ne2 dxc3 11. f4 Bd7 12. Rb1 Nbc6 13. Qd3 0-0-0 14. Qxc3 Nf5 15. h3 d4 16. Qd3 Nce7 17. g4 Bc6 18. Rh2 Nh4 19. Rf2 Rd7 20. Ng3 Nf3+ 21. Rxf3 Bxf3 22. Qxf3 Qxc2 23. Bd3 Qc3+ 24. Bd2 Qxa3 25. Ne4 Nd5 26. Nd6+ Kb8 27. Qe4 Rh8 28. Qf3 Ka8 29. Rc1 Kb8 30. Qe4 Qa2 31. Qxd4 Nb6 32. Qe3 Nd5 33. Qf3 Qa3 34. Qe4 Nb6 35. Qe3 Nd5 36. Qc5 Qxc5 37. Rxc5 Rc7 38. Rxc7 Kxc7 39. Nxf7 Rxh3 40. Bf1 Rh1 41. Kf2 a6 42. Ng5 Kd7 43. Nh3 b5 44. Kg2 Rxf1 45. Kxf1 b4 46. Ke2 a5 47. Kd3 a4 48. Kc4 b3 49. Bc1 Ne3+ 50. Kb4 Nxg4 51. Kxa4 Kc6 52. Kxb3 Kd5 53. Ng5 Nh6 54. Kc3 Nf5 55. Kd3 Ng3 56. Ke3 Nf5+ 57. Kf3 Nd4+ 58. Kg4 Nf5 59. Kh5 Ng7+ 60. Kg6 Nf5 61. Kf6 Nd4 62. Bb2 Nc6 63. Nxe6 1-0

[Event "Winnipeg Mike Shpan Memorial"]
[Site "Winnipeg"]
[Date "2004.11.09"]
[Round "2"]
[White "Rumpel, Chris"]
[Black "Costales, Servillano"]
[Result "0-1"]
[WhiteElo "1559"]
[BlackElo "1650"]
[PlyCount "106"]
[EventDate "2004.11.02"]
[EventType "swiss"]
[EventRounds "6"]
[EventCountry "CAN"]
[SourceTitle "EXT 2009"]
[Source "ChessBase"]
[SourceDate "2008.11.26"]
[SourceVersion "1"]
[SourceVersionDate "2008.11.26"]
[SourceQuality "1"]

1. Nf3 c5 2. g3 d6 3. Bg2 Bd7 4. 0-0 Qc8 5. Re1 Nc6 6. d3 Nf6 7. Nbd2 e6 8. e4 e5 9. c3 Be7 10. Nb3 0-0 11. d4 cxd4 12. cxd4 Bg4 13. d5 Nb4 14. Bd2 Nd3 15. Re3 Nxb2 16. Qe1 Na4 17. Rc1 Qd7 18. Bb4 Rfc8 19. Nfd2 Rxc1 20. Qxc1 Rc8 21. Qb1 Bh3 22. Bxh3 Qxh3 23. f3 Qd7 24. Na5 Bd8 25. Ndc4 Ne8 26. Rb3 b5 27. Nb2 Nc5 28. Rc3 Bb6 29. Kf1 Qh3+ 30. Ke2 Qxh2+ 31. Kd1 Qxg3 32. Nb3 Qg1+ 33. Kc2 Qf2+ 34. Nd2 a5 35. Nd3 Qh2 36. Bxc5 Bxc5 37. Qxb5 Kf8 38. Nxc5 dxc5 39. Rxc5 Qh3 40. Qxa5 g6 41. Qb4 Kg7 42. a4 Qd7 43. a5 h5 44. Qc3 Rxc5 45. Qxc5 h4 46. a6 Qa4+ 47. Nb3 Qxa6 48. Qe7 Qe2+ 49. Nd2 Nf6 50. Qxe5 h3 51. d6 Qa6 52. Qc3 h2 53. d7 Qa4+ 0-1